|
|
|
|
| LEADER |
01593nam a2200337 4500 |
| 001 |
ocn967983903 |
| 003 |
OCoLC |
| 005 |
20180501122034.0 |
| 006 |
m o d |
| 007 |
cr cnu---unuuu |
| 008 |
170110s2017 mau o 000 0 eng d |
| 040 |
|
|
|a OPELS
|b eng
|e rda
|e pn
|c OPELS
|d OPELS
|d GrThAP
|
| 020 |
|
|
|a 9780128119198
|q (print)
|
| 020 |
|
|
|a 0128119195
|q (print)
|
| 035 |
|
|
|a (OCoLC)967983903
|
| 050 |
|
4 |
|a RS403
|b .A383 2017eb
|
| 082 |
0 |
4 |
|a 616.0756
|2 23
|
| 049 |
|
|
|a TEFA
|
| 245 |
0 |
0 |
|a Advances in clinical chemistry.
|n Volume 78 /
|c Gregory Makowski, editor.
|
| 264 |
|
1 |
|a Cambridge, MA :
|b Academic Press,
|c 2017.
|
| 300 |
|
|
|a 1 online resource.
|
| 336 |
|
|
|a text
|b txt
|2 rdacontent
|
| 337 |
|
|
|a computer
|b c
|2 rdamedia
|
| 338 |
|
|
|a online resource
|b cr
|2 rdacarrier
|
| 520 |
|
|
|a Advances in Clinical Chemistry, Volume 78, the latest installment in this internationally acclaimed series, contains chapters authored by world-renowned clinical laboratory scientists, physicians, and research scientists. The serial discusses the latest and most up-to-date technologies related to the field of clinical chemistry, and is the benchmark for novel analytical approaches in the clinical laboratory.
|
| 588 |
0 |
|
|a Online resource; title from PDF title page (ScienceDirect, viewed January 19, 2017).
|
| 650 |
|
0 |
|a Clinical chemistry.
|
| 650 |
|
7 |
|a Clinical chemistry.
|2 fast
|0 (OCoLC)fst00864330
|
| 655 |
|
4 |
|a Electronic books.
|
| 700 |
1 |
|
|a Makowski, Gregory S.
|q (Gregory Stephen),
|e editor.
|
| 856 |
4 |
0 |
|u https://www.sciencedirect.com/science/bookseries/00652423/78
|z Full Text via HEAL-Link
|